000 00231nam a22001097a 4500
008 180806b xxu||||| |||| 00| 0 eng d
082 _a813.52
245 _aBiology
_cCampbell
300 _a1
_fCD
760 _b7th
942 _2ddc
_cMX
999 _c46848
_d46848